| 000 | 00802nam a2200241 a 4500 | ||
|---|---|---|---|
| 003 | PILC | ||
| 005 | 20160303143703.0 | ||
| 008 | 100104s19uu xx 00 eng d | ||
| 020 | _a9780080451008 | ||
| 050 |
_aG 156.5.H47 _b.In81 2008 |
||
| 245 |
_aInternational perspectives of festivals and events : _bparadigms of analysis / _cedited by Jane Ali-Knight, Martin Robertson, Alan Fyall and Adele Ladkin. |
||
| 260 |
_aAmsterdam : _bElsevier, _c2009. |
||
| 300 |
_a302 pages : _c25 cm. _billustrations ; |
||
| 500 | _aIncludes bibliographical references and index. | ||
| 650 | _aFestivals. | ||
| 650 | _aEvents. | ||
| 650 | _aFestivals and Events. | ||
| 700 | _aRobertson, Martin Robertson. | ||
| 700 | _aFyall, Alan. | ||
| 700 | _aLadkin, Adele. | ||
| 942 |
_cBK _2lcc _kFOR |
||
| 999 |
_c23772 _d23772 |
||